| 000 | 01715nam a2200325 ia4500 | ||
|---|---|---|---|
| 005 | 20260209155433.0 | ||
| 008 | 260209t20242024enkoa br 001 0 eng d | ||
| 020 |
_a9781788564458 _cRM60.70 _qpaperback |
||
| 040 |
_aPPAK _beng _cPPAK _erda |
||
| 082 | 0 | 4 |
_223 _a177.7 |
| 090 | 0 | 0 |
_a177.7 _bGAL _dK |
| 100 | 1 |
_aGallagher, Belinda, _eauthor. |
|
| 245 | 1 | 0 |
_aHelping Others / _cBy Belinda Gallagher ; Editors: Ruth Owen & Mark J. Sachner |
| 264 | 1 |
_aTunbridge Wells, Kent, England : _bRuby Tuesday Books Ltd., _c2024 |
|
| 264 | 4 | _c©2024 | |
| 300 |
_a32 pages : _bcolour photographs, colour illustrations ; _c28 cm |
||
| 336 |
_atext _2rdacontent |
||
| 337 |
_aunmediated _2rdamedia |
||
| 338 |
_avolume _2rdacarrier |
||
| 490 | 1 | _aEVERY ACTION COUNTS! | |
| 500 | _aIncludes index. | ||
| 520 | _aThis book will give kids the help and inspiration they need to become good and caring young citizens that help people in their community. The book is packed with both long-term and short-term activities and ideas, such as how to have a yard sale to raise funds for a local charity, or how to take the 5 smiles a day challenge to bring happiness into the lives of people in your neighbourhood. With lots of focus on what it means to be a good citizen and advice for keeping safe, readers will learn more about their community, and become respectful, compassionate, responsible, and helpful young people. | ||
| 521 | _a7 – 10 years. | ||
| 650 | 1 | 0 |
_aHelpfulness _vJuvenile literature |
| 650 | 2 | 0 |
_aHelping behavior _vJuvenile literature |
| 700 | 1 |
_aOwen, Ruth, _eeditor. |
|
| 700 | 1 |
_aSachner, Mark J., _eeditor. |
|
| 830 | 0 | _aEvery action counts! | |
| 942 |
_2ddc _cB |
||
| 999 |
_c202980 _d202980 |
||